000 00536nam a2200181 a 4500
001 000044238
005 20201002045233.0
008 140610s2008 pr 000 p spa d
020 _a9780557020072
040 _aDO-SdBNP
_bspa
_cBNPHU
100 1 _aRodríguez, Sally
_d1957-
_912633
245 1 2 _aLa llama insomne /.
260 _aPuerto Rico :
_bMediaisla editores,
_c2008.
300 _a68 p. ;
_c24 cm.
490 0 _aAzares y navíos
_v1
500 _aIncluye datos biografícos de la autora.
830 0 _aAzares y navíos
_n1
_972240
999 _c43727
_d43727